000 00758nam a2200253Ia 4500
003 OSt
005 20220925184820.0
006 a|||||r|||| 00| 0
007 ta
008 220923b |||||||| |||| 00| 0 eng d
020 _a056605468X
037 _cGeneral Book
040 _aRTL
_cRTL
_beng
041 _2eng
_aeng
082 _aX91:8DR.648.N8, M7
100 _aAndersson Tommy D
_9231475
245 0 _aProfit in small firms
_bA modal based on case studies
260 _aAldershot
_bAvebury
_c1987
300 _a407p
_ccm.
500 _aBibliography P 381-96; Appendix P 357-80
650 _aIndustrial Economices
_9231476
942 _hX91:8DR.648.N8, M7
_cGB
_2CC
999 _c508889
_d508889